000 00718nam a2200241 a 4500
008
020 _a0471359963 (hbk.)
049 _aMAIN
090 _aTK3351
100 1 _aGilbertson, Oswald I
245 1 0 _aElectrical cables for power and signal transmission /
_cOswald I. Gilbertson.
260 _aNew York :
_bWiley,
_cc2000.
300 _ax, 353 p. :
_bill., maps ;
_c24cm.
500 _aIncludes index.
504 _aIncludes bibliographical references.
650 0 _aElectric cables.
650 0 _aTelecommunication cables.
907 _a.b10140153
_b05-09-05
_c19-11-04
003
005 20230123133850.0
040 _cNUST
942 _cBOOKS
_kTK3351
999 _c155943
_d155943